Statistics for 10 Biggest Cities in Order: Asia

Click here to take the quiz!

General Stats

  • This quiz has been taken 87 times
    (69 since last reset)
  • The average score is 8 of 10

Answer Stats

#Answer% Correct
2Tokyo
100%
4Jakarta
92%
3Shanghai
91%
1Guangzhou
89%
5Delhi
84%
9Mumbai
72%
8Manila
70%
6Seoul
69%
7Karachi
67%
10Beijing
61%

Score Distribution

Percentile by Number Answered

Percent of People with Each Score

Your Score History

You have not taken this quiz since the last reset